000 00550nam a2200205Ia 4500
005 20230913094726.0
008 131103s9999 xx 000 0 und d
020 _aSBN223976210
040 _aLoreto College
041 _aEnglish
082 _a242
_bEVE
100 _aEvely, Louis
245 _aIn The Christian Spirit
_cLouis Evely; translated by Brain and Marie Claude Thompson
260 _aLondon
_bBurns & Oates
_c1969
300 _a107p.
650 _aLiterature - religion
700 _aBrain; tr.
850 _aLCLIB
942 _cBK
999 _c23311
_d73790